00314nam a22001457a 4500003000400000005001700004008004100021020001800062040000700080082001300087100002200100245001800122260002000140300000800160OSt20220103092225.0220103b |||||||| |||| 00| 0 eng d a9780060754259 cHU a294.5924 aGraham M. Schweig aBhagavad Gita aUSAbhallc2006 a360